Mathematical Control Theory : An Introduction
Αποθηκεύτηκε σε:
| Κύριος συγγραφέας: | |
|---|---|
| Μορφή: | Βιβλίο |
| Γλώσσα: | English |
| Δημοσίευση: |
Boston :
Birkhauser,
1992
|
| Σειρά: | Systems & control
|
| Θέματα: | |
| Ετικέτες: |
Προσθήκη ετικέτας
Δεν υπάρχουν, Καταχωρήστε ετικέτα πρώτοι!
|
MARC
| LEADER | 00000nam a2200000 i 4500 | ||
|---|---|---|---|
| 001 | 1/45016 | ||
| 008 | 950529s1992 eng d | ||
| 020 | |a 0-8176-3645-5 | ||
| 035 | |a 1995 |c ΑΥΓΕΡΙΝΟΣ |l 10042429 | ||
| 040 | |a GR-MY-UA |b gre |e aacr | ||
| 041 | 0 | |a eng | |
| 082 | 0 | |a 515.64 | |
| 100 | 1 | |a Zabczyk, Jerzy. | |
| 245 | 1 | 0 | |a Mathematical Control Theory : |b An Introduction / |c Jerzy Zabczyk |
| 260 | |a Boston : |b Birkhauser, |c 1992 | ||
| 300 | |a 260 p.; |c 24 cm. | ||
| 490 | 1 | |a Systems & control | |
| 500 | |a Includes bibliographical references and index | ||
| 650 | 0 | 0 | |a Control theory. |
| 830 | 0 | |a Systems & control | |
| 852 | |a INST |b SAMOS |e 19950529 |h 515.64 ZAB |p 005300005516 |q 005300005516 |t BK |y 0 | ||
| 909 | |a Σ |b 038997 | ||